|
|
|
|
| LEADER |
00000nam a2200000 a 4500 |
| 001 |
vtls001224599 |
| 003 |
SK-MaSNL |
| 005 |
20260302020309.0 |
| 008 |
210928s1966 RU a 0 rus |
| 020 |
|
|
|c 15,00
|
| 035 |
|
|
|a SNK000171185
|
| 040 |
|
|
|a SNK
|b slo
|c SNK
|e AACR2
|
| 044 |
|
|
|a RU
|
| 080 |
|
|
|a 097(47)
|2 1981
|
| 245 |
1 |
|
|a Ekslibris sovetskich chudožnikov
|c avtor Je. Minajev
|
| 260 |
|
|
|a [Moskva]
|b Sovetskij chudožnik
|c [1966]
|
| 300 |
|
|
|a [4] s., [24] voľ. listov v prebale
|c 15 cm
|
| 650 |
0 |
7 |
|a exlibrisy sovietske
|x albumy
|2 SNK
|9 453774
|
| 655 |
|
7 |
|a exlibris
|2 SNK
|9 62968
|
| 700 |
1 |
|
|a Minajev, Jevgenij Nikolajevič
|4 zos
|9 62958
|
| 958 |
|
|
|a OND
|
| 999 |
|
|
|c 1024571
|d 1026501
|
| 952 |
|
|
|t P60, <04>, [BOOK], {604}
|a SNK
|b SNK
|y VYP
|7 0
|p 17A0021597
|o snkOIE 2371
|i snkK 1403/96
|0 0
|1 0
|4 0
|d 1996-11-29
|l 0
|r 2005-01-01 00:00:00
|w 2026-02-24
|